[Event "Irena Warakomska Memorial A"]
[Site "Suwalki"]
[Date "2018.08.01"]
[Round "1"]
[White "Socko, Bartosz"]
[Black "Krzywda, Andrzej"]
[Result "1-0"]
[Board "1"]
[WhiteElo "2592"]
[WhiteTitle "GM"]
[WhiteCountry "POL"]
[WhiteFideId "1107038"]
[WhiteEloChange "1"]
[BlackElo "2258"]
[BlackTitle "CM"]
[BlackCountry "POL"]
[BlackFideId "1114565"]
[BlackEloChange "-3"]

1. Nf3 {[%clk 1:30:57]} Nf6 {[%clk 1:30:06]} 2. g3 {[%clk 1:31:21]} e6 {[%clk
1:29:28]} 3. Bg2 {[%clk 1:31:45]} d5 {[%clk 1:29:45]} 4. d4 {[%clk 1:31:55]} b5
{[%clk 1:29:10]} 5. a4 {[%clk 1:32:02]} b4 {[%clk 1:29:21]} 6. O-O {[%clk
1:31:53]} c5 {[%clk 1:28:36]} 7. c4 {[%clk 1:30:20]} Bb7 {[%clk 1:25:12]} 8. Nbd2
{[%clk 1:29:38]} Nbd7 {[%clk 1:20:20]} 9. Re1 {[%clk 1:24:43]} Be7 {[%clk
1:12:31]} 10. cxd5 {[%clk 1:23:46]} exd5 {[%clk 1:11:11]} 11. dxc5 {[%clk
1:21:07]} Nxc5 {[%clk 1:11:11]} 12. Nb3 {[%clk 1:21:30]} O-O {[%clk 1:09:35]} 13.
Be3 {[%clk 1:21:14]} Nce4 {[%clk 1:06:59]} 14. Rc1 {[%clk 1:17:58]} Re8 {[%clk
1:04:37]} 15. Ne5 {[%clk 1:13:46]} Bd6 {[%clk 0:58:48]} 16. Nd3 {[%clk 1:05:33]}
Ng4 {[%clk 0:54:08]} 17. Bd4 {[%clk 1:01:57]} Qg5 {[%clk 0:41:35]} 18. Nbc5
{[%clk 1:01:01]} Bc8 {[%clk 0:38:42]} 19. Qb3 {[%clk 0:44:00]} Qh5 {[%clk
0:32:46]} 20. h3 {[%clk 0:43:55]} Ngf6 {[%clk 0:30:28]} 21. Nxe4 {[%clk 0:40:06]}
Nxe4 {[%clk 0:24:37]} 22. Nf4 {[%clk 0:34:55]} Bxf4 {[%clk 0:24:48]} 23. gxf4
{[%clk 0:35:17]} a5 {[%clk 0:22:37]} 24. Rc7 {[%clk 0:30:57]} Ba6 {[%clk
0:21:04]} 25. Be5 {[%clk 0:23:21]} Rad8 {[%clk 0:18:01]} 26. Ra7 {[%clk 0:08:14]}
Re6 {[%clk 0:14:42]} 27. Qxd5 {[%clk 0:06:52]} Rde8 {[%clk 0:08:04]} 28. Qxe4
{[%clk 0:06:38]} f6 {[%clk 0:08:20]} 29. Qf3 {[%clk 0:04:54]} Qh4 {[%clk
0:04:49]} 30. Qg4 {[%clk 0:03:31]} Qh6 {[%clk 0:04:13]} 31. Bd5 {[%clk 0:03:43]}
Bc8 {[%clk 0:03:58]} 32. Rc1 {[%clk 0:03:30]} Kh8 {[%clk 0:03:34]} 33. Rxc8
{[%clk 0:03:45]} Rxc8 {[%clk 0:03:18]} 34. Bxe6 {[%clk 0:04:07]} 1-0

[Event "Irena Warakomska Memorial A"]
[Site "Suwalki"]
[Date "2018.08.01"]
[Round "1"]
[White "Kowalski, Igor"]
[Black "Tomczak, Jacek"]
[Result "0-1"]
[Board "2"]
[WhiteElo "2324"]
[WhiteTitle "FM"]
[WhiteCountry "POL"]
[WhiteFideId "1172468"]
[WhiteEloChange "-3"]
[BlackElo "2600"]
[BlackTitle "GM"]
[BlackCountry "POL"]
[BlackFideId "1124668"]
[BlackEloChange "2"]

1. d4 {[%clk 1:30:59]} Nf6 {[%clk 1:30:52]} 2. c4 {[%clk 1:31:26]} e6 {[%clk
1:31:11]} 3. Nc3 {[%clk 1:31:44]} Bb4 {[%clk 1:31:29]} 4. Qc2 {[%clk 1:32:09]} d5
{[%clk 1:31:32]} 5. cxd5 {[%clk 1:32:15]} exd5 {[%clk 1:31:55]} 6. Bg5 {[%clk
1:32:25]} c5 {[%clk 1:31:37]} 7. Nf3 {[%clk 1:30:49]} h6 {[%clk 1:16:44]} 8. Bxf6
{[%clk 1:29:34]} Qxf6 {[%clk 1:17:03]} 9. a3 {[%clk 1:27:15]} Bxc3+ {[%clk
1:09:39]} 10. Qxc3 {[%clk 1:27:37]} c4 {[%clk 1:10:02]} 11. g3 {[%clk 1:27:07]}
O-O {[%clk 1:05:13]} 12. Bg2 {[%clk 1:27:30]} Re8 {[%clk 1:04:46]} 13. O-O {[%clk
1:20:30]} Nc6 {[%clk 0:57:46]} 14. e3 {[%clk 1:19:28]} Bf5 {[%clk 0:50:52]} 15.
Nd2 {[%clk 1:17:22]} Qd6 {[%clk 0:47:53]} 16. b3 {[%clk 1:11:16]} b5 {[%clk
0:45:40]} 17. bxc4 {[%clk 1:03:21]} bxc4 {[%clk 0:43:11]} 18. Rad1 {[%clk
0:57:36]} Bd3 {[%clk 0:30:27]} 19. Rfe1 {[%clk 0:57:58]} Rab8 {[%clk 0:30:52]}
20. Bf1 {[%clk 0:50:01]} Bxf1 {[%clk 0:31:02]} 21. Kxf1 {[%clk 0:50:04]} Rb5
{[%clk 0:27:27]} 22. e4 {[%clk 0:47:38]} Rd8 {[%clk 0:26:16]} 23. Kg1 {[%clk
0:39:21]} Qf6 {[%clk 0:24:41]} 24. exd5 {[%clk 0:33:14]} Rbxd5 {[%clk 0:19:29]}
25. Qxc4 {[%clk 0:22:36]} Nxd4 {[%clk 0:10:33]} 26. Ne4 {[%clk 0:17:12]} Qf5
{[%clk 0:09:09]} 27. Re3 {[%clk 0:10:00]} Nf3+ {[%clk 0:08:42]} 28. Rxf3 {[%clk
0:10:23]} Rxd1+ {[%clk 0:09:04]} 29. Kg2 {[%clk 0:10:51]} Rg1+ {[%clk 0:09:21]}
0-1

[Event "Irena Warakomska Memorial A"]
[Site "Suwalki"]
[Date "2018.08.01"]
[Round "1"]
[White "Ovsejevitsch, Sergei"]
[Black "Sliwicka, Alicja"]
[Result "1-0"]
[Board "3"]
[WhiteElo "2604"]
[WhiteTitle "GM"]
[WhiteCountry "UKR"]
[WhiteFideId "14101866"]
[WhiteEloChange "1"]
[BlackElo "2277"]
[BlackTitle "WFM"]
[BlackCountry "POL"]
[BlackFideId "1150677"]
[BlackEloChange "-3"]

1. Nf3 {[%clk 1:30:36]} Nf6 {[%clk 1:30:50]} 2. c4 {[%clk 1:30:24]} e6 {[%clk
1:31:14]} 3. d4 {[%clk 1:30:21]} d5 {[%clk 1:31:39]} 4. e3 {[%clk 1:30:20]} c5
{[%clk 1:31:36]} 5. cxd5 {[%clk 1:30:02]} exd5 {[%clk 1:31:45]} 6. Bb5+ {[%clk
1:29:11]} Bd7 {[%clk 1:25:07]} 7. Bxd7+ {[%clk 1:28:56]} Nbxd7 {[%clk 1:24:11]}
8. dxc5 {[%clk 1:28:58]} Nxc5 {[%clk 1:21:21]} 9. O-O {[%clk 1:28:20]} Be7 {[%clk
1:18:49]} 10. Bd2 {[%clk 1:26:37]} O-O {[%clk 1:16:16]} 11. Bc3 {[%clk 1:26:39]}
Nfe4 {[%clk 1:11:21]} 12. Be5 {[%clk 1:15:20]} Qd7 {[%clk 0:58:48]} 13. Nc3
{[%clk 1:13:52]} Rfd8 {[%clk 0:58:37]} 14. Ne2 {[%clk 1:07:29]} Qb5 {[%clk
0:52:30]} 15. Nf4 {[%clk 0:56:40]} Rac8 {[%clk 0:43:22]} 16. Rc1 {[%clk 0:44:42]}
a5 {[%clk 0:38:44]} 17. Nd4 {[%clk 0:37:51]} Qa6 {[%clk 0:37:17]} 18. Qg4 {[%clk
0:24:25]} g6 {[%clk 0:26:56]} 19. Nxd5 {[%clk 0:20:29]} Rxd5 {[%clk 0:22:00]} 20.
Qxc8+ {[%clk 0:20:45]} Rd8 {[%clk 0:22:26]} 21. Qg4 {[%clk 0:17:14]} h5 {[%clk
0:21:33]} 22. Qe2 {[%clk 0:13:53]} Nd3 {[%clk 0:16:44]} 23. Rc7 {[%clk 0:12:19]}
Bg5 {[%clk 0:14:50]} 24. Qf3 {[%clk 0:08:52]} Nxe5 {[%clk 0:06:57]} 25. Qxe4
{[%clk 0:09:13]} Ng4 {[%clk 0:05:21]} 26. Nf3 {[%clk 0:02:57]} Bf6 {[%clk
0:04:51]} 27. Qc4 {[%clk 0:02:23]} Qxc4 {[%clk 0:04:49]} 28. Rxc4 {[%clk
0:02:48]} Bxb2 {[%clk 0:04:44]} 29. h3 {[%clk 0:02:50]} Ne5 {[%clk 0:04:44]} 30.
Nxe5 {[%clk 0:03:07]} Bxe5 {[%clk 0:05:08]} 31. Rc5 {[%clk 0:03:20]} 1-0

[Event "Irena Warakomska Memorial A"]
[Site "Suwalki"]
[Date "2018.08.01"]
[Round "1"]
[White "Kyc, Jerzy"]
[Black "Aleksandrov, Aleksej"]
[Result "0-1"]
[Board "4"]
[WhiteElo "2269"]
[WhiteCountry "POL"]
[WhiteFideId "1163922"]
[WhiteEloChange "-3"]
[BlackElo "2580"]
[BlackTitle "GM"]
[BlackCountry "BLR"]
[BlackFideId "13500139"]
[BlackEloChange "1"]

1. e4 {[%clk 1:30:55]} e5 {[%clk 1:30:53]} 2. Nf3 {[%clk 1:31:21]} Nc6 {[%clk
1:31:19]} 3. Bb5 {[%clk 1:31:46]} a6 {[%clk 1:31:44]} 4. Ba4 {[%clk 1:32:13]} Nf6
{[%clk 1:32:10]} 5. d3 {[%clk 1:32:33]} d6 {[%clk 1:32:30]} 6. c3 {[%clk
1:32:53]} g6 {[%clk 1:32:24]} 7. O-O {[%clk 1:33:15]} Bg7 {[%clk 1:32:30]} 8. Re1
{[%clk 1:33:30]} O-O {[%clk 1:32:52]} 9. h3 {[%clk 1:31:33]} b5 {[%clk 1:31:59]}
10. Bc2 {[%clk 1:29:10]} a5 {[%clk 1:32:10]} 11. a4 {[%clk 1:28:23]} b4 {[%clk
1:32:35]} 12. d4 {[%clk 1:28:31]} bxc3 {[%clk 1:28:37]} 13. bxc3 {[%clk 1:21:28]}
exd4 {[%clk 1:28:50]} 14. cxd4 {[%clk 1:21:40]} Nb4 {[%clk 1:28:52]} 15. Bb2
{[%clk 1:17:33]} Rb8 {[%clk 1:07:41]} 16. Nbd2 {[%clk 1:04:13]} Nh5 {[%clk
1:05:09]} 17. Nc4 {[%clk 0:56:47]} Ba6 {[%clk 0:59:37]} 18. Nxa5 {[%clk 0:44:44]}
c5 {[%clk 0:58:19]} 19. Nb3 {[%clk 0:44:07]} Nf4 {[%clk 0:50:42]} 20. Bc3 {[%clk
0:27:43]} Nxc2 {[%clk 0:49:43]} 21. Qxc2 {[%clk 0:27:06]} Bd3 {[%clk 0:50:06]}
22. Qd1 {[%clk 0:23:16]} Be2 {[%clk 0:45:30]} 23. Rxe2 {[%clk 0:21:30]} Nxe2+
{[%clk 0:45:56]} 24. Qxe2 {[%clk 0:21:58]} Rxb3 {[%clk 0:46:20]} 25. Qc2 {[%clk
0:19:00]} Qb8 {[%clk 0:46:44]} 26. Rc1 {[%clk 0:14:11]} Ra3 {[%clk 0:41:14]} 27.
a5 {[%clk 0:04:45]} Qb3 {[%clk 0:34:25]} 28. Qxb3 {[%clk 0:03:48]} Rxb3 {[%clk
0:34:53]} 29. e5 {[%clk 0:02:54]} dxe5 {[%clk 0:33:17]} 30. dxe5 {[%clk 0:01:31]}
Rd8 {[%clk 0:32:36]} 31. Kf1 {[%clk 0:00:55]} Ra3 {[%clk 0:30:30]} 32. Rc2 {[%clk
0:01:05]} Ra4 {[%clk 0:30:47]} 33. g3 {[%clk 0:00:33]} Rc4 {[%clk 0:29:14]} 34.
Ke2 {[%clk 0:00:41]} Re4+ {[%clk 0:28:49]} 35. Kf1 {[%clk 0:01:10]} Rd1+ {[%clk
0:28:33]} 36. Be1 {[%clk 0:00:56]} Rd3 {[%clk 0:26:23]} 37. Ra2 {[%clk 0:00:32]}
Bxe5 {[%clk 0:25:28]} 38. Ng5 {[%clk 0:00:34]} Rc4 {[%clk 0:25:30]} 39. a6 {[%clk
0:00:52]} Rd8 {[%clk 0:25:40]} 40. Ba5 {[%clk 0:30:42]} Ra8 {[%clk 0:54:26]} 41.
Bb6 {[%clk 0:29:14]} Bd6 {[%clk 0:51:15]} 42. a7 {[%clk 0:28:59]} Rb4 {[%clk
0:46:28]} 43. Ra6 {[%clk 0:29:06]} h6 {[%clk 0:46:16]} 44. Nf3 {[%clk 0:28:58]}
Kf8 {[%clk 0:46:40]} 45. Bd8 {[%clk 0:28:05]} Be7 {[%clk 0:46:43]} 46. Bc7 {[%clk
0:28:13]} c4 {[%clk 0:44:31]} 47. Ne5 {[%clk 0:27:58]} c3 {[%clk 0:44:31]} 48.
Ke2 {[%clk 0:27:21]} Rb2+ {[%clk 0:44:00]} 49. Kd3 {[%clk 0:27:30]} Bb4 {[%clk
0:44:03]} 50. Nc4 {[%clk 0:14:10]} Rxf2 {[%clk 0:38:13]} 51. Bb6 {[%clk 0:07:49]}
Rf3+ {[%clk 0:32:25]} 52. Kc2 {[%clk 0:07:10]} Rxg3 {[%clk 0:32:03]} 53. Bd4
{[%clk 0:06:07]} Rg2+ {[%clk 0:31:36]} 54. Kc1 {[%clk 0:04:05]} Be7 {[%clk
0:31:30]} 55. Be3 {[%clk 0:04:15]} Bg5 {[%clk 0:11:10]} 56. Bxg5 {[%clk 0:04:43]}
Rxg5 {[%clk 0:11:08]} 57. Nb6 {[%clk 0:05:12]} Rxa7 {[%clk 0:11:32]} 58. Rxa7
{[%clk 0:05:38]} Rh5 {[%clk 0:11:51]} 59. Nd7+ {[%clk 0:05:12]} Kg7 {[%clk
0:12:13]} 60. Kc2 {[%clk 0:04:41]} Rxh3 {[%clk 0:12:39]} 61. Ne5 {[%clk 0:05:02]}
Rh2+ {[%clk 0:12:12]} 62. Kxc3 {[%clk 0:05:30]} Rf2 {[%clk 0:12:38]} 63. Kd4
{[%clk 0:05:39]} g5 {[%clk 0:12:44]} 64. Nd3 {[%clk 0:05:01]} Rf1 {[%clk
0:12:19]} 65. Ke4 {[%clk 0:04:52]} h5 {[%clk 0:12:21]} 66. Ra5 {[%clk 0:04:26]}
f6 {[%clk 0:10:31]} 67. Rf5 {[%clk 0:04:24]} Ra1 {[%clk 0:09:49]} 68. Kf3 {[%clk
0:03:34]} Kg6 {[%clk 0:09:31]} 69. Rd5 {[%clk 0:04:01]} h4 {[%clk 0:09:55]} 70.
Rd6 {[%clk 0:02:11]} Kf5 {[%clk 0:08:23]} 71. Nf2 {[%clk 0:01:18]} Ra3+ {[%clk
0:07:35]} 72. Kg2 {[%clk 0:01:29]} Ra2 {[%clk 0:07:29]} 73. Kf3 {[%clk 0:01:16]}
Ke5 {[%clk 0:06:46]} 74. Rb6 {[%clk 0:01:05]} Ra3+ {[%clk 0:06:46]} 75. Kg2
{[%clk 0:01:26]} Rg3+ {[%clk 0:06:37]} 76. Kh2 {[%clk 0:01:55]} f5 {[%clk
0:06:35]} 77. Rb5+ {[%clk 0:02:06]} Kf6 {[%clk 0:06:25]} 78. Rb6+ {[%clk
0:02:35]} Kg7 {[%clk 0:06:20]} 79. Rd6 {[%clk 0:02:13]} Ra3 {[%clk 0:05:27]} 80.
Rd5 {[%clk 0:01:14]} Kg6 {[%clk 0:05:44]} 81. Rd6+ {[%clk 0:01:25]} Kh5 {[%clk
0:05:53]} 82. Rf6 {[%clk 0:01:54]} Ra5 {[%clk 0:03:39]} 83. Kg2 {[%clk 0:00:59]}
g4 {[%clk 0:04:05]} 84. Rf8 {[%clk 0:00:48]} Kg5 {[%clk 0:04:14]} 85. Rg8+ {[%clk
0:00:47]} Kf4 {[%clk 0:04:39]} 86. Nd3+ {[%clk 0:00:41]} Ke3 {[%clk 0:05:00]} 87.
Nf2 {[%clk 0:00:39]} Ra2 {[%clk 0:05:16]} 88. Re8+ {[%clk 0:00:58]} Kf4 {[%clk
0:05:43]} 89. Kg1 {[%clk 0:00:34]} Kf3 {[%clk 0:04:05]} 90. Nd3 {[%clk 0:00:55]}
h3 {[%clk 0:04:05]} 91. Re1 {[%clk 0:00:40]} Rg2+ {[%clk 0:01:21]} 92. Kh1 {[%clk
0:01:06]} Rd2 {[%clk 0:01:43]} 93. Ne5+ {[%clk 0:00:44]} Kf2 {[%clk 0:01:25]} 94.
Rc1 {[%clk 0:00:34]} g3 {[%clk 0:01:13]} 95. Ng6 {[%clk 0:00:47]} Rd4 {[%clk
0:01:07]} 96. Rc2+ {[%clk 0:00:37]} Kf1 {[%clk 0:01:28]} 97. Rc1+ {[%clk
0:00:52]} Ke2 {[%clk 0:01:51]} 98. Rg1 {[%clk 0:00:57]} Kf2 {[%clk 0:02:00]} 99.
Rb1 {[%clk 0:00:48]} Rg4 {[%clk 0:01:59]} 100. Rb2+ {[%clk 0:00:34]} Ke3 {[%clk
0:02:12]} 101. Rb3+ {[%clk 0:00:38]} Kd2 {[%clk 0:02:32]} 102. Rb2+ {[%clk
0:00:33]} Kc3 {[%clk 0:02:41]} 0-1

[Event "Irena Warakomska Memorial A"]
[Site "Suwalki"]
[Date "2018.08.01"]
[Round "1"]
[White "Sadzikowski, Daniel"]
[Black "Nowak, Lukasz"]
[Result "1-0"]
[Board "5"]
[WhiteElo "2567"]
[WhiteTitle "GM"]
[WhiteCountry "POL"]
[WhiteFideId "1132253"]
[WhiteEloChange "2"]
[BlackElo "2293"]
[BlackCountry "POL"]
[BlackFideId "1166760"]
[BlackEloChange "-3"]

1. e4 {[%clk 1:30:30]} e6 {[%clk 1:30:30]} 2. d4 {[%clk 1:30:30]} d5 {[%clk
1:30:30]} 3. Nc3 {[%clk 1:30:30]} Nf6 {[%clk 1:30:30]} 4. e5 {[%clk 1:30:30]}
Nfd7 {[%clk 1:30:30]} 5. f4 {[%clk 1:30:30]} c5 {[%clk 1:30:30]} 6. Nf3 {[%clk
1:30:30]} Nc6 {[%clk 1:30:30]} 7. Be3 {[%clk 1:30:30]} Be7 {[%clk 1:30:30]} 8.
Qd2 {[%clk 1:30:30]} a6 {[%clk 1:30:30]} 9. Be2 {[%clk 1:30:30]} b5 {[%clk
1:30:30]} 10. a3 {[%clk 1:30:30]} O-O {[%clk 1:30:30]} 11. O-O {[%clk 1:30:30]}
Rb8 {[%clk 1:30:30]} 12. Nd1 {[%clk 1:30:30]} a5 {[%clk 1:30:30]} 13. Nf2 {[%clk
1:30:30]} Qc7 {[%clk 1:30:30]} 14. Rac1 {[%clk 1:30:30]} b4 {[%clk 1:30:30]} 15.
a4 {[%clk 1:30:30]} cxd4 {[%clk 1:30:30]} 16. Nxd4 {[%clk 1:30:30]} Nxd4 {[%clk
1:30:30]} 17. Bxd4 {[%clk 1:30:30]} Nc5 {[%clk 1:30:30]} 18. b3 {[%clk 1:30:30]}
Bb7 {[%clk 1:30:30]} 19. Qe3 {[%clk 1:30:30]} Ne4 {[%clk 1:30:30]} 20. Nxe4
{[%clk 1:30:30]} dxe4 {[%clk 1:30:30]} 21. c3 {[%clk 1:30:30]} Qd7 {[%clk
1:30:30]} 22. Bb5 {[%clk 1:30:30]} Qd5 {[%clk 1:30:30]} 23. c4 {[%clk 1:30:30]}
Qd8 {[%clk 1:30:30]} 24. c5 {[%clk 1:30:30]} Bd5 {[%clk 1:30:30]} 25. c6 {[%clk
1:30:30]} Ra8 {[%clk 1:30:30]} 26. c7 {[%clk 1:30:30]} Qc8 {[%clk 1:30:30]} 27.
Rc2 {[%clk 1:30:30]} f6 {[%clk 1:30:30]} 28. exf6 {[%clk 1:30:30]} Bxf6 {[%clk
1:30:30]} 29. Bxf6 {[%clk 1:30:30]} Rxf6 {[%clk 1:30:30]} 30. Rfc1 {[%clk
1:30:30]} Rf7 {[%clk 1:30:30]} 31. Rc5 {[%clk 1:30:30]} h6 {[%clk 1:30:30]} 32.
h3 {[%clk 1:30:30]} Kh8 {[%clk 1:30:30]} 33. R5c2 {[%clk 1:30:30]} Kg8 {[%clk
1:30:30]} 34. Kh2 {[%clk 1:30:30]} Kh8 {[%clk 1:30:30]} 35. Rc5 {[%clk 1:30:30]}
Kg8 {[%clk 1:30:30]} 36. Bc6 {[%clk 1:30:30]} Ra6 {[%clk 1:30:30]} 37. Rxd5
{[%clk 1:30:30]} exd5 {[%clk 1:30:30]} 38. Bxd5 {[%clk 1:30:30]} Rf6 {[%clk
1:30:30]} 39. Bb7 {[%clk 1:30:30]} 1-0

[Event "Irena Warakomska Memorial A"]
[Site "Suwalki"]
[Date "2018.08.01"]
[Round "1"]
[White "Paszewski, Mateusz"]
[Black "Stupak, Kirill"]
[Result "1/2-1/2"]
[Board "6"]
[WhiteElo "2293"]
[WhiteTitle "FM"]
[WhiteCountry "POL"]
[WhiteFideId "1141058"]
[WhiteEloChange "7"]
[BlackElo "2575"]
[BlackTitle "GM"]
[BlackCountry "BLR"]
[BlackFideId "13503758"]
[BlackEloChange "-3"]

1. e4 {[%clk 1:30:58]} c6 {[%clk 1:29:42]} 2. d4 {[%clk 1:31:02]} d5 {[%clk
1:30:08]} 3. exd5 {[%clk 1:31:29]} cxd5 {[%clk 1:30:35]} 4. Bd3 {[%clk 1:31:57]}
Nc6 {[%clk 1:31:01]} 5. c3 {[%clk 1:32:24]} Nf6 {[%clk 1:31:27]} 6. Bf4 {[%clk
1:32:50]} Bg4 {[%clk 1:31:54]} 7. Qb3 {[%clk 1:33:03]} Qc8 {[%clk 1:32:20]} 8.
Nd2 {[%clk 1:33:08]} e6 {[%clk 1:32:48]} 9. Ngf3 {[%clk 1:33:32]} Be7 {[%clk
1:33:12]} 10. O-O {[%clk 1:31:11]} Bh5 {[%clk 1:31:08]} 11. Ne5 {[%clk 1:15:53]}
Nxe5 {[%clk 1:30:27]} 12. Bxe5 {[%clk 1:13:03]} O-O {[%clk 1:30:46]} 13. Rae1
{[%clk 1:02:55]} Nd7 {[%clk 1:24:23]} 14. Bg3 {[%clk 0:54:03]} Re8 {[%clk
1:24:17]} 15. f4 {[%clk 0:49:18]} f5 {[%clk 1:15:17]} 16. Bb5 {[%clk 0:41:07]} a6
{[%clk 1:12:46]} 17. Bxd7 {[%clk 0:40:36]} Qxd7 {[%clk 1:13:14]} 18. Nf3 {[%clk
0:35:14]} Bxf3 {[%clk 1:13:38]} 19. Rxf3 {[%clk 0:35:43]} b5 {[%clk 1:14:06]} 20.
Rfe3 {[%clk 0:34:57]} Bf8 {[%clk 1:14:13]} 21. a3 {[%clk 0:31:16]} a5 {[%clk
1:13:54]} 22. Qd1 {[%clk 0:30:47]} b4 {[%clk 1:12:15]} 23. axb4 {[%clk 0:30:34]}
axb4 {[%clk 1:12:13]} 24. Qe2 {[%clk 0:28:34]} Kf7 {[%clk 1:12:05]} 25. Qh5+
{[%clk 0:28:36]} g6 {[%clk 1:12:06]} 26. Qf3 {[%clk 0:24:27]} Ra2 {[%clk
1:09:59]} 27. R1e2 {[%clk 0:23:40]} Qa4 {[%clk 0:59:22]} 28. Be1 {[%clk 0:21:46]}
Qd1 {[%clk 0:59:04]} 29. g3 {[%clk 0:17:30]} Qb1 {[%clk 0:56:00]} 30. Qf2 {[%clk
0:15:39]} h6 {[%clk 0:49:17]} 31. h4 {[%clk 0:15:45]} Qd1 {[%clk 0:38:12]} 32.
Kg2 {[%clk 0:11:41]} b3 {[%clk 0:30:43]} 33. h5 {[%clk 0:02:18]} gxh5 {[%clk
0:31:11]} 34. Qf3 {[%clk 0:02:40]} Kg7 {[%clk 0:31:41]} 35. Kf1 {[%clk 0:00:59]}
Re7 {[%clk 0:27:45]} 36. Rd3 {[%clk 0:00:56]} Qb1 {[%clk 0:26:53]} 37. Rdd2
{[%clk 0:01:24]} Ra1 {[%clk 0:20:55]} 38. Qxh5 {[%clk 0:01:30]} Kh7 {[%clk
0:21:23]} 39. Kg2 {[%clk 0:00:49]} Qa2 {[%clk 0:15:42]} 1/2-1/2

[Event "Irena Warakomska Memorial A"]
[Site "Suwalki"]
[Date "2018.08.01"]
[Round "1"]
[White "Markowski, Tomasz"]
[Black "Chylewski, Patryk"]
[Result "1-0"]
[Board "7"]
[WhiteElo "2561"]
[WhiteTitle "GM"]
[WhiteCountry "POL"]
[WhiteFideId "1105680"]
[WhiteEloChange "2"]
[BlackElo "2335"]
[BlackTitle "FM"]
[BlackCountry "POL"]
[BlackFideId "1186191"]
[BlackEloChange "-4"]

1. d4 {[%clk 1:30:36]} d5 {[%clk 1:30:24]} 2. Nf3 {[%clk 1:31:02]} Nf6 {[%clk
1:30:41]} 3. g3 {[%clk 1:31:01]} c6 {[%clk 1:30:50]} 4. Bg2 {[%clk 1:31:27]} Bg4
{[%clk 1:30:39]} 5. O-O {[%clk 1:31:52]} Nbd7 {[%clk 1:30:10]} 6. Nbd2 {[%clk
1:32:17]} e6 {[%clk 1:29:50]} 7. Re1 {[%clk 1:32:43]} Be7 {[%clk 1:22:46]} 8. e4
{[%clk 1:33:00]} dxe4 {[%clk 1:22:54]} 9. Nxe4 {[%clk 1:33:25]} Nxe4 {[%clk
1:23:14]} 10. Rxe4 {[%clk 1:33:51]} Nf6 {[%clk 1:23:10]} 11. Re1 {[%clk 1:34:09]}
O-O {[%clk 1:23:15]} 12. c3 {[%clk 1:34:32]} Qb6 {[%clk 1:16:14]} 13. Qb3 {[%clk
1:33:55]} Bxf3 {[%clk 1:10:27]} 14. Bxf3 {[%clk 1:34:13]} Rfd8 {[%clk 1:10:33]}
15. Kg2 {[%clk 1:30:27]} Rac8 {[%clk 1:07:34]} 16. Qxb6 {[%clk 1:29:35]} axb6
{[%clk 1:08:01]} 17. a4 {[%clk 1:29:59]} Nd5 {[%clk 1:06:24]} 18. Bd2 {[%clk
1:27:27]} Ra8 {[%clk 0:58:28]} 19. b3 {[%clk 1:27:04]} Bf6 {[%clk 0:53:29]} 20.
Rad1 {[%clk 1:23:40]} g6 {[%clk 0:51:49]} 21. g4 {[%clk 1:17:42]} g5 {[%clk
0:45:38]} 22. c4 {[%clk 1:15:20]} Nf4+ {[%clk 0:40:55]} 23. Bxf4 {[%clk 1:15:04]}
gxf4 {[%clk 0:41:18]} 24. Re4 {[%clk 0:56:51]} c5 {[%clk 0:33:07]} 25. d5 {[%clk
0:50:36]} e5 {[%clk 0:31:05]} 26. d6 {[%clk 0:48:02]} Bg7 {[%clk 0:24:51]} 27. g5
{[%clk 0:44:54]} f5 {[%clk 0:11:12]} 28. gxf6 {[%clk 0:45:02]} Bxf6 {[%clk
0:11:37]} 29. Bg4 {[%clk 0:44:36]} Kf7 {[%clk 0:11:33]} 30. Kf3 {[%clk 0:43:50]}
Rg8 {[%clk 0:10:40]} 31. Ree1 {[%clk 0:40:15]} Rad8 {[%clk 0:10:19]} 32. d7
{[%clk 0:37:21]} Ke7 {[%clk 0:10:17]} 33. Rd5 {[%clk 0:37:13]} Rg6 {[%clk
0:09:27]} 34. Bf5 {[%clk 0:31:29]} Rh6 {[%clk 0:08:30]} 35. h3 {[%clk 0:30:48]}
Bg7 {[%clk 0:06:47]} 36. Red1 {[%clk 0:28:01]} Bh8 {[%clk 0:06:16]} 37. Ke4
{[%clk 0:27:05]} Bg7 {[%clk 0:05:37]} 38. R1d3 {[%clk 0:25:31]} Bh8 {[%clk
0:04:55]} 39. a5 {[%clk 0:24:34]} bxa5 {[%clk 0:04:37]} 40. Rxc5 {[%clk 0:54:57]}
b6 {[%clk 0:33:47]} 41. Rc8 {[%clk 0:54:41]} Bg7 {[%clk 0:33:05]} 42. Rd1 {[%clk
0:54:52]} Bf6 {[%clk 0:31:02]} 43. f3 {[%clk 0:50:08]} Bh8 {[%clk 0:27:07]} 44.
Rxd8 {[%clk 0:47:23]} Kxd8 {[%clk 0:27:31]} 45. Rg1 {[%clk 0:47:36]} 1-0

[Event "Irena Warakomska Memorial A"]
[Site "Suwalki"]
[Date "2018.08.01"]
[Round "1"]
[White "Marszalek, Maciej"]
[Black "Fedorov, Alexei"]
[Result "1/2-1/2"]
[Board "8"]
[WhiteElo "2266"]
[WhiteCountry "POL"]
[WhiteFideId "1119095"]
[WhiteEloChange "7"]
[BlackElo "2572"]
[BlackTitle "GM"]
[BlackCountry "BLR"]
[BlackFideId "13500465"]
[BlackEloChange "-4"]

1. d4 {[%clk 1:30:56]} Nf6 {[%clk 1:30:53]} 2. Nf3 {[%clk 1:31:18]} g6 {[%clk
1:30:55]} 3. g3 {[%clk 1:31:12]} c5 {[%clk 1:31:01]} 4. dxc5 {[%clk 1:30:38]}
Qa5+ {[%clk 1:30:47]} 5. c3 {[%clk 1:29:06]} Qxc5 {[%clk 1:30:23]} 6. Bg2 {[%clk
1:27:52]} Bg7 {[%clk 1:29:23]} 7. O-O {[%clk 1:25:11]} O-O {[%clk 1:28:53]} 8.
Bg5 {[%clk 1:25:00]} h6 {[%clk 1:25:01]} 9. Bxf6 {[%clk 1:24:09]} Bxf6 {[%clk
1:25:11]} 10. Nbd2 {[%clk 1:23:14]} Bg7 {[%clk 1:24:42]} 11. e4 {[%clk 1:21:19]}
Nc6 {[%clk 1:20:31]} 12. Nb3 {[%clk 1:18:51]} Qb6 {[%clk 1:19:17]} 13. Qe2 {[%clk
1:17:15]} d6 {[%clk 1:17:03]} 14. Rfd1 {[%clk 1:13:08]} Bd7 {[%clk 1:14:28]} 15.
h3 {[%clk 1:11:18]} a5 {[%clk 1:13:17]} 16. Nbd4 {[%clk 1:11:20]} a4 {[%clk
1:13:08]} 17. Rab1 {[%clk 1:10:39]} Rfc8 {[%clk 1:05:02]} 18. Kh2 {[%clk
1:01:21]} Ra5 {[%clk 1:00:01]} 19. a3 {[%clk 0:54:47]} Rh5 {[%clk 0:51:56]} 20.
Nc2 {[%clk 0:54:36]} Qb5 {[%clk 0:42:16]} 21. Qxb5 {[%clk 0:52:38]} Rxb5 {[%clk
0:42:40]} 22. Ne3 {[%clk 0:52:42]} Be8 {[%clk 0:37:30]} 23. Bf1 {[%clk 0:47:46]}
Rc5 {[%clk 0:33:30]} 24. Ne1 {[%clk 0:45:27]} Kf8 {[%clk 0:30:50]} 25. Nd3 {[%clk
0:39:06]} Ra5 {[%clk 0:31:01]} 26. f4 {[%clk 0:38:40]} Nb8 {[%clk 0:28:58]} 27.
Nb4 {[%clk 0:37:13]} Nd7 {[%clk 0:29:01]} 28. Bg2 {[%clk 0:37:08]} Nc5 {[%clk
0:26:45]} 29. Re1 {[%clk 0:34:47]} b5 {[%clk 0:23:28]} 30. Rbd1 {[%clk 0:34:14]}
Ra7 {[%clk 0:23:25]} 31. Ned5 {[%clk 0:30:25]} e6 {[%clk 0:21:50]} 32. Ne3 {[%clk
0:30:29]} Ke7 {[%clk 0:21:08]} 33. Re2 {[%clk 0:28:36]} Nb3 {[%clk 0:20:08]} 34.
Ree1 {[%clk 0:25:04]} Na5 {[%clk 0:14:31]} 35. Bf1 {[%clk 0:23:46]} Bf8 {[%clk
0:11:35]} 36. h4 {[%clk 0:23:13]} Kf6 {[%clk 0:09:58]} 37. h5 {[%clk 0:22:50]} g5
{[%clk 0:08:01]} 38. Bh3 {[%clk 0:22:59]} Nc4 {[%clk 0:07:05]} 39. Nxc4 {[%clk
0:18:32]} bxc4 {[%clk 0:07:07]} 40. f5 {[%clk 0:47:15]} Rc5 {[%clk 0:36:04]} 41.
fxe6 {[%clk 0:46:50]} fxe6 {[%clk 0:35:50]} 42. Rf1+ {[%clk 0:47:00]} Kg7 {[%clk
0:34:18]} 43. Bxe6 {[%clk 0:46:11]} Bxh5 {[%clk 0:30:16]} 44. Rd2 {[%clk
0:42:55]} Bf7 {[%clk 0:20:34]} 45. Bd5 {[%clk 0:42:14]} Bxd5 {[%clk 0:18:29]} 46.
Nxd5 {[%clk 0:41:32]} Rb7 {[%clk 0:18:28]} 47. Rdf2 {[%clk 0:39:25]} Rc8 {[%clk
0:18:34]} 48. Kh3 {[%clk 0:37:53]} Kg8 {[%clk 0:15:07]} 49. Nf6+ {[%clk 0:29:06]}
Kh8 {[%clk 0:14:37]} 50. Nh5 {[%clk 0:28:45]} Bg7 {[%clk 0:14:07]} 51. Nxg7
{[%clk 0:21:42]} Kxg7 {[%clk 0:14:32]} 52. Rd1 {[%clk 0:21:16]} Rc6 {[%clk
0:13:22]} 1/2-1/2